000 00377 a2200169 4500
001 164307
020 _a85-16-01504-1
040 _cMagnum
100 _aChagas, Aécio Pereira
240 1 0 _aArgilas: as essências da terra
_lpor
245 1 0 _aArgilas: as essências da terra
300 _a54
362 0 _a1997
440 1 _aModerna
697 _aQUÍMICA
942 _cBK
999 _c164307
_d164307